[Event "Quebec op"]
[Site "Longueuil CAN"]
[Date "2019.07.21"]
[Round "3.13"]
[White "Poulin, Maurice"]
[Black "Tanaka, Tyler"]
[Result "1/2-1/2"]
[WhiteElo "1944"]
[BlackElo "2109"]
[PlyCount "150"]
[EventDate "2019.07.20"]
[EventType "swiss"]
[EventRounds "9"]
[EventCountry "CAN"]

1. e4 c5 2. Nf3 g6 3. d4 cxd4 4. Nxd4 Nc6 5. c4 Bg7 6. Be3 Nf6 7. Nc3 O-O 8. f3
d6 9. Qd2 Bd7 10. Rc1 a5 11. b3 Nxd4 12. Bxd4 Bc6 13. Qf2 Nd7 14. Bxg7 Kxg7 15.
g4 Nc5 16. Qd4+ e5 17. Qf2 Qb6 18. Rb1 h6 19. Qd2 Rad8 20. h4 Ne6 21. h5 Qd4
22. hxg6 Qxd2+ 23. Kxd2 fxg6 24. Ke3 Nd4 25. Be2 Rf4 26. Rh3 Rh8 27. Rbh1 Rff8
28. Bd1 Ne6 29. R3h2 Nf4 30. Rd2 Rf6 31. Bc2 Rhf8 32. Rdh2 h5 33. gxh5 gxh5 34.
Bd1 Rg6 35. Kd2 Kh6 36. Ne2 Rg2 37. Rxg2 Nxg2 38. Ng3 h4 39. Rh2 Kg6 40. Rxg2
hxg3 41. Rxg3+ Kf6 42. Be2 Rh8 43. Rg1 Rh2 44. Ke3 Rh3 45. Rg8 Rh1 46. Ra8 a4
47. b4 b6 48. Ra6 Ke7 49. b5 Bd7 50. Rxa4 Kd8 51. Ra6 Kc7 52. Ra7+ Kc8 53. Kd2
Ra1 54. Bd1 Be6 55. Bb3 Rf1 56. Re7 Bd7 57. Bd1 Rf2+ 58. Be2 Rh2 59. a4 Kd8 60.
Rg7 Kc8 61. Rg1 Kc7 62. Ke3 Rh8 63. Ra1 Bc8 64. f4 Rh3+ 65. Bf3 Bg4 66. Rf1
exf4+ 67. Kxf4 Be6 68. Rh1 Rxh1 69. Bxh1 Bxc4 70. Bf3 Bb3 71. Kf5 Bxa4 72. Be2
Bc2 73. Bc4 Bb1 74. Bd5 Bd3 75. Bc6 Bb1 1/2-1/2

[Event "Quebec op"]
[Site "Longueuil CAN"]
[Date "2019.07.21"]
[Round "3.14"]
[White "Jacquet, Stephane"]
[Black "Luksza, Arkadiusz"]
[Result "0-1"]
[WhiteElo "1915"]
[BlackElo "2098"]
[PlyCount "98"]
[EventDate "2019.07.20"]
[EventType "swiss"]
[EventRounds "9"]
[EventCountry "CAN"]

1. d4 g6 2. Nf3 Bg7 3. e4 d6 4. c3 Nf6 5. Nbd2 O-O 6. Bc4 d5 7. exd5 Nxd5 8.
O-O Nb6 9. Bb3 a5 10. a4 N8d7 11. Ne4 Nf6 12. Nc5 Nbd5 13. Ne5 b6 14. Ncd3 Bb7
15. Bg5 Rc8 16. Qf3 Ba8 17. Qh3 c5 18. dxc5 bxc5 19. Bc4 Nb6 20. Ba6 Rc7 21.
Rad1 Ne4 22. Bf4 Nd6 23. Be3 Nd5 24. Bh6 Bxh6 25. Qxh6 c4 26. Ne1 Nf5 27. Qc1
Qd6 28. Bxc4 Qxe5 29. Nf3 Qf4 30. Bxd5 Qxc1 31. Bxf7+ Rxf7 32. Rd8+ Rf8 33.
Rxf8+ Kxf8 34. Rxc1 Bxf3 35. gxf3 Nd4 36. Kg2 Rc4 37. Rd1 Ne6 38. Ra1 Nc5 39.
b4 axb4 40. cxb4 Rxb4 41. a5 Na6 42. Kg3 Kf7 43. h4 h5 44. Ra3 e6 45. f4 Kf6
46. Re3 Ra4 47. Re5 Nc7 48. Rc5 Nd5 49. f3 Ne7 0-1

[Event "Quebec op"]
[Site "Longueuil CAN"]
[Date "2019.07.21"]
[Round "3.15"]
[White "Fillion, Steve"]
[Black "Trottier, Alain"]
[Result "1-0"]
[WhiteElo "2091"]
[BlackElo "1829"]
[PlyCount "57"]
[EventDate "2019.07.20"]
[EventType "swiss"]
[EventRounds "9"]
[EventCountry "CAN"]

1. e4 c6 2. d4 d5 3. Nd2 dxe4 4. Nxe4 Nd7 5. Nf3 Ngf6 6. Nxf6+ Nxf6 7. Bc4 e6
8. Bg5 Be7 9. Qe2 O-O 10. O-O-O b5 11. Bd3 Bb7 12. h4 Re8 13. Kb1 a6 14. g4 Qc7
15. Rhg1 c5 16. dxc5 Qxc5 17. Ne5 Qc7 18. h5 Nd5 19. Bd2 Rac8 20. g5 f5 21.
gxf6 Nxf6 22. Bh6 Bf8 23. Bxg7 Bxg7 24. h6 Re7 25. hxg7 Bd5 26. Ng4 Nxg4 27.
Rxg4 Rxg7 28. Rdg1 Rxg4 29. Qxg4+ 1-0

[Event "Quebec op"]
[Site "Longueuil CAN"]
[Date "2019.07.21"]
[Round "3.16"]
[White "Abdelaal, Ibrahim"]
[Black "Saha, Ananda"]
[Result "0-1"]
[WhiteElo "1903"]
[BlackElo "2059"]
[PlyCount "60"]
[EventDate "2019.07.20"]
[EventType "swiss"]
[EventRounds "9"]
[EventCountry "CAN"]

1. e4 e6 2. f4 d5 3. e5 c5 4. Nf3 Nc6 5. c3 d4 6. Na3 a6 7. Bd3 b5 8. Be4 Bb7
9. d3 Qd7 10. O-O Nge7 11. Nc2 dxc3 12. bxc3 Nd5 13. Qe1 b4 14. cxb4 cxb4 15.
Bd2 a5 16. Rc1 Be7 17. Kh1 g6 18. h3 Rc8 19. Ncd4 Nxd4 20. Nxd4 Rxc1 21. Qxc1
O-O 22. Qb2 Rc8 23. Rc1 Rxc1+ 24. Qxc1 a4 25. Qb2 Bc5 26. Nc2 Nxf4 27. Bxf4
Bxe4 28. dxe4 Qd1+ 29. Kh2 Qg1+ 30. Kg3 Qf2+ 0-1

[Event "Quebec op"]
[Site "Longueuil CAN"]
[Date "2019.07.21"]
[Round "3.17"]
[White "Bouchard, Jean-Marc"]
[Black "Robichaud, Louis"]
[Result "0-1"]
[WhiteElo "1880"]
[BlackElo "2026"]
[PlyCount "82"]
[EventDate "2019.07.20"]
[EventType "swiss"]
[EventRounds "9"]
[EventCountry "CAN"]

1. b3 Nf6 2. Bb2 g6 3. Bxf6 exf6 4. d4 f5 5. e3 Bg7 6. Bd3 O-O 7. Ne2 Re8 8.
O-O b6 9. Nd2 Bb7 10. c3 d6 11. Rc1 Nd7 12. Nf4 Nf6 13. c4 Qe7 14. Nf3 Be4 15.
Re1 c6 16. Bf1 Bxf3 17. Qxf3 Ne4 18. Qd1 Bh6 19. g3 Qd7 20. Ng2 Re7 21. f4 Rae8
22. Qd3 Bg7 23. Re2 d5 24. cxd5 Qxd5 25. Rec2 c5 26. dxc5 Qxd3 27. Bxd3 Nxc5
28. Bc4 Rd8 29. Kf1 a5 30. Be2 Red7 31. Ke1 Bf8 32. Rd1 Rxd1+ 33. Bxd1 Nd3+ 34.
Ke2 Ba3 35. Kf3 Nb4 36. Ke2 Nxc2 37. Bxc2 Bb4 38. Bd3 Rc8 39. Kd1 Ba3 40. Bc2
Bb4 41. Bd3 Rc3 0-1

[Event "Quebec op"]
[Site "Longueuil CAN"]
[Date "2019.07.21"]
[Round "3.18"]
[White "Zhong, Kevin"]
[Black "Nunez-Painchaud, Raphael"]
[Result "1/2-1/2"]
[WhiteElo "2039"]
[BlackElo "1962"]
[PlyCount "79"]
[EventDate "2019.07.20"]
[EventType "swiss"]
[EventRounds "9"]
[EventCountry "CAN"]

1. e4 c5 2. Ne2 Nc6 3. Nbc3 Nf6 4. d4 cxd4 5. Nxd4 e5 6. Ndb5 d6 7. Bg5 a6 8.
Na3 b5 9. Bxf6 gxf6 10. Nd5 f5 11. c3 Bg7 12. exf5 Bxf5 13. Nc2 O-O 14. Nce3
Be6 15. Bd3 f5 16. O-O Ne7 17. Nxe7+ Qxe7 18. a4 e4 19. Bc2 Kh8 20. axb5 axb5
21. Rxa8 Rxa8 22. Qh5 Rf8 23. Re1 Be5 24. g3 f4 25. Ng2 e3 26. gxf4 exf2+ 27.
Kxf2 Bxf4 28. Kg1 Be5 29. Be4 Rg8 30. Kh1 Qg7 31. Nh4 Bg4 32. Ng6+ Qxg6 33.
Bxg6 Bxh5 34. Bxh5 Rf8 35. Kg2 Rg8+ 36. Kh1 Rf8 37. Kg2 b4 38. cxb4 Rb8 39. Re4
Bxb2 40. Re8+ 1/2-1/2

[Event "Quebec op"]
[Site "Longueuil CAN"]
[Date "2019.07.21"]
[Round "3.19"]
[White "Boucher, Antoni"]
[Black "Richard, Leo"]
[Result "0-1"]
[WhiteElo "1932"]
[BlackElo "1813"]
[PlyCount "74"]
[EventDate "2019.07.20"]
[EventType "swiss"]
[EventRounds "9"]
[EventCountry "CAN"]

1. d4 Nf6 2. Bg5 Ne4 3. Bf4 c5 4. d5 d6 5. f3 Nf6 6. e4 g6 7. Bd3 Bg7 8. c3 O-O
9. Qc1 Nbd7 10. Nd2 Nh5 11. Be3 Ne5 12. Be2 Nf6 13. Nc4 Nxc4 14. Bxc4 Rb8 15.
a4 Nd7 16. Bh6 Ne5 17. Bxg7 Kxg7 18. b3 f5 19. h3 fxe4 20. fxe4 e6 21. Qe3 Qf6
22. Kd2 Nxc4+ 23. bxc4 b6 24. Nf3 Ba6 25. Ng5 exd5 26. cxd5 Qf2+ 27. Qxf2 Rxf2+
28. Ke3 Rxg2 29. Ne6+ Kg8 30. Rae1 Rg3+ 31. Kd2 Bc4 32. Nc7 Rf8 33. Nb5 Rf2+
34. Kc1 Bxb5 35. axb5 Rxc3+ 36. Kb1 Rb3+ 37. Ka1 Rf4 0-1

[Event "Quebec op"]
[Site "Longueuil CAN"]
[Date "2019.07.21"]
[Round "3.20"]
[White "Mercure, Gilbert"]
[Black "Landry, Sylvain"]
[Result "0-1"]
[WhiteElo "1795"]
[BlackElo "2046"]
[PlyCount "53"]
[EventDate "2019.07.20"]
[EventType "swiss"]
[EventRounds "9"]
[EventCountry "CAN"]

1. e4 g6 2. d4 Bg7 3. f4 d6 4. Nc3 c6 5. Be3 Nd7 6. Nf3 b5 7. Bd3 Nb6 8. h3 Nf6
9. Ne2 a6 10. g4 Qc7 11. Ng3 h5 12. g5 Nh7 13. Nh4 c5 14. c3 Bb7 15. O-O O-O-O
16. f5 Rhg8 17. Nxh5 gxh5 18. Qxh5 cxd4 19. cxd4 Bxd4 20. Kf2 Bxe3+ 21. Kxe3
Nc4+ 22. Ke2 Nxg5 23. Rac1 Qa5 24. Bxc4 bxc4 25. Rxc4+ Kb8 26. Ke3 Qb6+ 27. Rd4
0-1

[Event "Quebec op"]
[Site "Longueuil CAN"]
[Date "2019.07.21"]
[Round "3.21"]
[White "Nunez, Omar"]
[Black "Yagiz, Bora"]
[Result "1-0"]
[WhiteElo "1963"]
[BlackElo "1889"]
[PlyCount "117"]
[EventDate "2019.07.20"]
[EventType "swiss"]
[EventRounds "9"]
[EventCountry "CAN"]

1. f4 d5 2. Nf3 c5 3. g3 Nc6 4. Bg2 h5 5. h3 Nh6 6. d3 Nf5 7. Kf2 h4 8. g4 Ng3
9. Re1 e6 10. Nc3 Nd4 11. e4 Nxf3 12. Qxf3 d4 13. Ne2 Nxe2 14. Rxe2 Bd7 15. Kg1
Bc6 16. Bd2 Bd6 17. Qf2 e5 18. Rf1 Qc7 19. fxe5 Bxe5 20. Qf5 g6 21. Qg5 Qe7 22.
Ref2 Rh7 23. b3 Bg3 24. Qxe7+ Kxe7 25. Bg5+ Ke8 26. Rf3 Be5 27. Bf6 Bxf6 28.
Rxf6 Rd8 29. a4 Ke7 30. a5 a6 31. g5 Rb8 32. e5 Bxg2 33. Kxg2 Rd8 34. Kf3 Rd7
35. Ke4 Kd8 36. e6 fxe6 37. Rxg6 Rde7 38. Rg8+ Kd7 39. Ke5 Kc6 40. Rgf8 Kb5 41.
g6 Rhg7 42. R1f7 Rexf7 43. gxf7 Kb4 44. Kf6 Rg2 45. Rg8 Rxc2 46. Kxe6 Rf2 47.
f8=Q Rxf8 48. Rxf8 Kxa5 49. Kd5 Kb4 50. Rf4 b5 51. Rxh4 a5 52. Rg4 a4 53. bxa4
bxa4 54. Rg1 a3 55. h4 a2 56. Rc1 Kb3 57. Kxc5 a1=N 58. Rxa1 Kc2 59. Ra3 1-0

[Event "Quebec op"]
[Site "Longueuil CAN"]
[Date "2019.07.21"]
[Round "3.22"]
[White "Vignalou, Joseph"]
[Black "Craciun, David"]
[Result "0-1"]
[WhiteElo "1732"]
[BlackElo "1720"]
[PlyCount "74"]
[EventDate "2019.07.20"]
[EventType "swiss"]
[EventRounds "9"]
[EventCountry "CAN"]

1. e4 e5 2. Nf3 Nc6 3. Bc4 Bc5 4. O-O Nf6 5. d3 d6 6. c3 a6 7. b4 Ba7 8. a4 h6
9. Be3 O-O 10. Bxa7 Rxa7 11. Nbd2 Re8 12. Qb3 Be6 13. Rfe1 d5 14. exd5 Bxd5 15.
Ne4 Bxc4 16. Qxc4 Nd5 17. Nc5 Qd6 18. d4 b5 19. Qd3 f6 20. Rad1 Nf4 21. Qf5 Ne7
22. Qb1 Ned5 23. dxe5 fxe5 24. g3 Nh5 25. Qf5 g6 26. Qd3 c6 27. Nd2 Kf7 28.
Nde4 Qe7 29. axb5 axb5 30. f4 Kg7 31. Rf1 exf4 32. g4 Nhf6 33. Qd4 Qe5 34. Ne6+
Rxe6 35. Qxa7+ Re7 36. Qd4 Qxd4+ 37. Rxd4 Nxe4 0-1

[Event "Quebec op"]
[Site "Longueuil CAN"]
[Date "2019.07.22"]
[Round "4.2"]
[White "Sambuev, Bator"]
[Black "Kaufman, Raymond"]
[Result "1-0"]
[WhiteElo "2503"]
[BlackElo "2301"]
[PlyCount "89"]
[EventDate "2019.07.20"]
[EventType "swiss"]
[EventRounds "9"]
[EventCountry "CAN"]

1. d4 Nf6 2. g3 d5 3. Bg2 c6 4. Nf3 Bf5 5. Nh4 Be4 6. f3 Bg6 7. O-O Nbd7 8.
Nxg6 hxg6 9. c4 dxc4 10. f4 e6 11. e3 Rc8 12. e4 Be7 13. Nc3 b5 14. e5 Nd5 15.
g4 c5 16. Bxd5 exd5 17. Be3 cxd4 18. Bxd4 Bc5 19. Nxb5 Qb6 20. Nd6+ Kf8 21.
Bxc5 Qxc5+ 22. Kh1 Rb8 23. Qe2 Nf6 24. f5 g5 25. Rae1 Rh4 26. exf6 Qxd6 27.
fxg7+ Kxg7 28. f6+ Kh8 29. Rf2 Qc6 30. Qf3 Qc5 31. Rfe2 Qc6 32. Re7 Rf8 33.
R7e5 Qb6 34. Re8 Qd6 35. Rxf8+ Qxf8 36. Re5 Qh6 37. Rxd5 Rxh2+ 38. Kg1 Rh3 39.
Qg2 Re3 40. Rd8+ Kh7 41. Qc2+ Rd3 42. Rxd3 cxd3 43. Qxd3+ Kg8 44. Qf5 Qh4 45.
Kg2 1-0

[Event "Quebec op"]
[Site "Longueuil CAN"]
[Date "2019.07.22"]
[Round "4.3"]
[White "Roussel-Roozmon, Thomas"]
[Black "Perez Rodriguez, Luis Manuel"]
[Result "1-0"]
[WhiteElo "2463"]
[BlackElo "2348"]
[PlyCount "135"]
[EventDate "2019.07.20"]
[EventType "swiss"]
[EventRounds "9"]
[EventCountry "CAN"]

1. Nf3 d5 2. d4 e6 3. c4 a6 4. Bg5 Be7 5. Bxe7 Qxe7 6. Nbd2 Nf6 7. g3 O-O 8.
Bg2 Rd8 9. cxd5 exd5 10. Rc1 Nc6 11. O-O Ne4 12. Nb3 Bf5 13. Nh4 Be6 14. Nc5
Nxc5 15. Rxc5 Rac8 16. Nf3 Nb8 17. Ne5 Nd7 18. Nxd7 Rxd7 19. Qd2 c6 20. Rfc1
Rdc7 21. Qf4 h6 22. Qe5 Qd7 23. b4 Re8 24. Qf4 Rcc8 25. Bf3 Bf5 26. a4 g5 27.
Qd2 Be4 28. Bxe4 Rxe4 29. b5 axb5 30. axb5 Re6 31. Qd3 Rce8 32. Qf5 R8e7 33. e3
Kg7 34. Kg2 Qe8 35. Qc2 cxb5 36. Qf5 b6 37. Rxd5 Qa8 38. Qf3 Qa2 39. Kg1 b4 40.
Rf5 b3 41. Rb5 Rf6 42. Qg2 Qa4 43. Qd5 Rc7 44. Rxc7 Qa1+ 45. Kg2 Qa2 46. Rc1
Rxf2+ 47. Kg1 Qd2 48. Rb1 Re2 49. Rf1 Qxe3+ 50. Kh1 Rf2 51. Rxf2 Qxf2 52. Qe5+
f6 53. Qf5 Qe1+ 54. Kg2 Qe2+ 55. Kg1 Qe1+ 56. Qf1 Qe3+ 57. Kg2 Qe4+ 58. Qf3
Qc2+ 59. Kh3 h5 60. g4 b2 61. Rxb6 hxg4+ 62. Kxg4 f5+ 63. Kxg5 Qc1+ 64. Qf4
b1=Q 65. Rxb1 Qxb1 66. Qe5+ Kg8 67. Qe8+ Kh7 68. Qf7+ 1-0

[Event "Quebec op"]
[Site "Longueuil CAN"]
[Date "2019.07.22"]
[Round "4.4"]
[White "Masse, Hugues"]
[Black "Chiku-Ratte, Olivier-Kenta"]
[Result "1-0"]
[WhiteElo "2168"]
[BlackElo "2364"]
[PlyCount "99"]
[EventDate "2019.07.20"]
[EventType "swiss"]
[EventRounds "9"]
[EventCountry "CAN"]

1. e4 c5 2. Nf3 d6 3. d4 cxd4 4. Nxd4 Nf6 5. Nc3 g6 6. Be3 a6 7. f3 Bg7 8. Qd2
Nbd7 9. g4 b5 10. a4 bxa4 11. g5 Nh5 12. Rxa4 Bb7 13. Nb3 O-O 14. Be2 Rb8 15.
O-O Nc5 16. Nxc5 dxc5 17. Qxd8 Rfxd8 18. Rd1 Rxd1+ 19. Nxd1 Be5 20. Bxa6 Bc6
21. Ra2 Rd8 22. Nf2 Nf4 23. Bc4 Bd7 24. Bxc5 Be6 25. Bxe6 Nxe6 26. Bxe7 Re8 27.
Bf6 Bxf6 28. gxf6 Nd4 29. b4 Nxf3+ 30. Kg2 Ne5 31. Nd3 Nd7 32. e5 h5 33. c4 Rd8
34. c5 Nf8 35. Ra3 Ne6 36. Kf3 Rd4 37. Rc3 Ng5+ 38. Ke3 Re4+ 39. Kf2 Rh4 40.
Kg2 Rg4+ 41. Kf1 Ne6 42. c6 Nc7 43. b5 Nxb5 44. c7 Nxc7 45. Rxc7 Rd4 46. Ke2
Rh4 47. Nf2 Rxh2 48. Rc8+ Kh7 49. e6 fxe6 50. f7 1-0

[Event "Quebec op"]
[Site "Longueuil CAN"]
[Date "2019.07.22"]
[Round "4.5"]
[White "Cummings, David"]
[Black "Fillion, Steve"]
[Result "1-0"]
[WhiteElo "2340"]
[BlackElo "2091"]
[PlyCount "137"]
[EventDate "2019.07.20"]
[EventType "swiss"]
[EventRounds "9"]
[EventCountry "CAN"]

1. c4 e6 2. Nc3 d5 3. e3 Nf6 4. Nf3 c5 5. cxd5 Nxd5 6. Nxd5 Qxd5 7. b3 Be7 8.
Bb2 O-O 9. Bc4 Qh5 10. g4 Qh3 11. Rg1 Nc6 12. Rg3 Qh6 13. h4 Bd6 14. Rg1 e5 15.
Qc2 Be6 16. Bxe6 Qxe6 17. Ng5 Qg6 18. Ne4 Be7 19. h5 Qe6 20. Qc4 Qxc4 21. bxc4
Rad8 22. Ke2 f6 23. a3 Rd7 24. Bc3 Rfd8 25. Rab1 Kf7 26. Rb5 b6 27. Rgb1 Ke6
28. a4 Rc8 29. a5 Bd8 30. axb6 axb6 31. Ra1 Kf7 32. Rb2 h6 33. Ra6 Ke7 34. Rb1
Kf7 35. Ra4 Ke7 36. Bb2 Kf7 37. Nc3 Ne7 38. Rba1 Ke6 39. Ra6 Rc6 40. Nb5 Nc8
41. d3 Rb7 42. Nc3 Ne7 43. Ra8 Kd7 44. Bc1 Rc8 45. R8a4 Rc6 46. Bd2 Rc8 47. Rb1
Rbb8 48. Ra7+ Rc7 49. Ra6 Rc6 50. Na4 Kc8 51. Nc3 Kb7 52. Rba1 Kc8 53. Nb5 Re6
54. Ra7 Rb7 55. Rxb7 Kxb7 56. Ra7+ Kc8 57. Bc3 Rc6 58. Kf3 Bc7 59. Ke4 Kd8 60.
Ra8+ Kd7 61. Rh8 Ke6 62. f4 exf4 63. exf4 Kf7 64. f5 Bh2 65. Rd8 Bg3 66. Bd2
Bh2 67. Bf4 Bxf4 68. Kxf4 Nc8 69. Rxc8 1-0

[Event "Quebec op"]
[Site "Longueuil CAN"]
[Date "2019.07.22"]
[Round "4.6"]
[White "Saha, Ananda"]
[Black "Rodrigue-Lemieux, Shawn"]
[Result "0-1"]
[WhiteElo "2059"]
[BlackElo "2257"]
[PlyCount "46"]
[EventDate "2019.07.20"]
[EventType "swiss"]
[EventRounds "9"]
[EventCountry "CAN"]

1. e4 e5 2. Nc3 Nc6 3. g3 Nf6 4. Bg2 Bc5 5. Nf3 d6 6. O-O h6 7. d3 a6 8. h3 g5
9. Be3 g4 10. hxg4 Bxg4 11. Qd2 Qd7 12. Nd5 Nxd5 13. exd5 Bxf3 14. Bxf3 Nd4 15.
Bxd4 Bxd4 16. c3 Ba7 17. d4 O-O-O 18. dxe5 Qh3 19. Qf4 Rdg8 20. g4 h5 21. g5
dxe5 22. Qf6 Qg3+ 23. Bg2 Rxg5 0-1

[Event "Quebec op"]
[Site "Longueuil CAN"]
[Date "2019.07.22"]
[Round "4.7"]
[White "Duong, Thanh Nha"]
[Black "Ouellet, Maili-Jade"]
[Result "0-1"]
[WhiteElo "2230"]
[BlackElo "2079"]
[PlyCount "82"]
[EventDate "2019.07.20"]
[EventType "swiss"]
[EventRounds "9"]
[EventCountry "CAN"]

1. e4 c5 2. Nc3 d6 3. Bc4 Nf6 4. f4 Nc6 5. Nf3 Bg4 6. h3 Bxf3 7. Qxf3 g6 8. O-O
Bg7 9. d3 a6 10. a3 Qc7 11. Qf2 e6 12. f5 gxf5 13. Bg5 h6 14. Be3 Ne7 15. Rae1
O-O-O 16. Ba2 Rhg8 17. e5 Nd7 18. exd6 Qxd6 19. Kh1 Bd4 20. Bxd4 Qxd4 21. Qxd4
cxd4 22. Ne2 Nc6 23. Nf4 Kb8 24. b4 Nb6 25. Bb3 Ne7 26. Re5 Nd7 27. Re2 Nf6 28.
Re5 Ng6 29. Nxg6 Rxg6 30. Kh2 Rdg8 31. Re2 Nh5 32. Rf3 Ng3 33. Ref2 Kc7 34. c3
dxc3 35. Rc2 Kd6 36. d4 Ne4 37. d5 Nd2 38. Rxd2 cxd2 39. Rf2 Rg3 40. Bc2 Rd3
41. Rf1 Rxd5 0-1

[Event "Quebec op"]
[Site "Longueuil CAN"]
[Date "2019.07.22"]
[Round "4.8"]
[White "Robichaud, Louis"]
[Black "Voskanyan, Vahagn"]
[Result "0-1"]
[WhiteElo "2026"]
[BlackElo "2205"]
[PlyCount "88"]
[EventDate "2019.07.20"]
[EventType "swiss"]
[EventRounds "9"]
[EventCountry "CAN"]

1. e4 c6 2. d3 d5 3. Nd2 g6 4. g3 Bg7 5. Bg2 e5 6. Ngf3 Ne7 7. O-O O-O 8. Re1
Nd7 9. b4 a5 10. bxa5 Rxa5 11. Bb2 Qc7 12. a4 Re8 13. Nb3 Ra8 14. Qc1 b6 15. c4
dxe4 16. Rxe4 c5 17. Re2 Bb7 18. Qe1 Nc6 19. Ng5 Nb4 20. Bxb7 Qxb7 21. Nc1 Qc6
22. d4 Bh6 23. d5 Qf6 24. Ne4 Qf3 25. Ra3 Qh5 26. Na2 Bf8 27. g4 Qxg4+ 28. Rg3
Qh4 29. Nac3 Qd8 30. Bc1 f5 31. Ng5 Qf6 32. Ne6 Rxe6 33. dxe6 Qxe6 34. Nd5 Nxd5
35. cxd5 Qxd5 36. Rd2 Qe6 37. Qd1 Nf6 38. Rd8 Rxd8 39. Qxd8 f4 40. Ra3 Qg4+ 41.
Kf1 f3 42. Bh6 Qh3+ 43. Ke1 Qxh6 44. Qxf6 Qc1# 0-1

[Event "Quebec op"]
[Site "Longueuil CAN"]
[Date "2019.07.22"]
[Round "4.9"]
[White "Huang, Qiuyu"]
[Black "Manley, Jason"]
[Result "0-1"]
[WhiteElo "2181"]
[BlackElo "2025"]
[PlyCount "77"]
[EventDate "2019.07.20"]
[EventType "swiss"]
[EventRounds "9"]
[EventCountry "CAN"]

1. e4 e6 2. d4 d5 3. Nc3 Nf6 4. Bg5 Be7 5. e5 Nfd7 6. h4 Bxg5 7. hxg5 Qxg5 8.
Qd3 g6 9. Nf3 Qe7 10. O-O-O a6 11. Be2 b5 12. Rh6 Bb7 13. Rdh1 Nf8 14. Qe3 Nbd7
15. Bd3 O-O-O 16. g4 c5 17. Qf4 cxd4 18. Ne2 f6 19. exf6 Qxf6 20. Qxf6 Nxf6 21.
Ne5 Rg8 22. g5 Nh5 23. Nxd4 Rg7 24. Be2 Nf4 25. Bg4 Kc7 26. Re1 Kd6 27. Kd2 Re8
28. Ndf3 Rc7 29. Rh2 Rec8 30. Ke3 Nh5 31. Bxh5 gxh5 32. c3 Ng6 33. Kd4 Rf8 34.
Rxh5 Rf4+ 35. Kd3 Rxf3+ 36. Nxf3 Nf4+ 37. Ke3 Nxh5 38. Rh1 Ng7 39. Rxh7 0-1

[Event "Quebec op"]
[Site "Longueuil CAN"]
[Date "2019.07.22"]
[Round "4.10"]
[White "Luksza, Arkadiusz"]
[Black "Trahan, Daniel"]
[Result "1/2-1/2"]
[WhiteElo "2098"]
[BlackElo "1949"]
[PlyCount "123"]
[EventDate "2019.07.20"]
[EventType "swiss"]
[EventRounds "9"]
[EventCountry "CAN"]

1. d4 Nf6 2. Bg5 Ne4 3. Bf4 d5 4. f3 Nf6 5. Nc3 e6 6. e4 Bb4 7. e5 Nfd7 8. a3
Be7 9. b4 a5 10. b5 c5 11. Nge2 cxd4 12. Nxd4 Qc7 13. Qd2 b6 14. Qe3 Bb7 15.
Be2 Nc5 16. O-O Nbd7 17. Bg3 Rc8 18. Kh1 O-O 19. Rfd1 Nb3 20. Nxd5 Bxd5 21.
cxb3 Qc3 22. Qxc3 Rxc3 23. Bc4 Bxc4 24. bxc4 Nb8 25. Bf2 Rxc4 26. Kg1 Rfc8 27.
Kf1 Kf8 28. Ne2 Bc5 29. Be1 Ke7 30. Bg3 h6 31. a4 Rd8 32. Rxd8 Kxd8 33. Ke1 Nd7
34. Kd2 Bb4+ 35. Kd3 Rc5 36. Nd4 Bc3 37. Ra2 Bxd4 38. Kxd4 Rd5+ 39. Ke4 Nc5+
40. Ke3 Rd3+ 41. Ke2 Rd4 42. Bf2 Rxa4 43. Rd2+ Kc7 44. Rb2 Rc4 45. Kd2 Nd7 46.
Bg3 Kb7 47. Kd3 Rc5 48. f4 Rd5+ 49. Kc4 Nc5 50. f5 Nd3 51. Re2 Nb4 52. Bf2 Rd7
53. fxe6 fxe6 54. Bd4 Rf7 55. Rf2 Rxf2 56. Bxf2 Nd5 57. g3 Kc7 58. g4 Kd7 59.
Be1 Ke7 60. Bd2 Kf7 61. h4 Kg6 62. h5+ 1/2-1/2

[Event "Quebec op"]
[Site "Longueuil CAN"]
[Date "2019.07.22"]
[Round "4.11"]
[White "Nunez-Painchaud, Raphael"]
[Black "Martinez Mulet, Dario Leonel"]
[Result "1/2-1/2"]
[WhiteElo "1962"]
[BlackElo "2123"]
[PlyCount "104"]
[EventDate "2019.07.20"]
[EventType "swiss"]
[EventRounds "9"]
[EventCountry "CAN"]

1. d4 d5 2. c4 c6 3. Nf3 Nf6 4. g3 dxc4 5. Bg2 e6 6. Ne5 Bb4+ 7. Bd2 Qxd4 8.
Bxb4 Qxe5 9. Na3 b5 10. Bd6 Qf5 11. O-O Bb7 12. Bxb8 Rxb8 13. Qd6 Rd8 14. Bxc6+
Bxc6 15. Qxc6+ Nd7 16. Rfd1 Qc5 17. Qxb5 Qxb5 18. Nxb5 Rb8 19. Nd6+ Ke7 20.
Nxc4 Rhc8 21. b3 Nf6 22. Rd3 Rc5 23. Rad1 a5 24. Rd6 a4 25. Ra6 axb3 26. Ra7+
Kf8 27. axb3 Rd5 28. Rxd5 Nxd5 29. e4 Nc3 30. Ne5 Rxb3 31. Rxf7+ Kg8 32. Re7 h6
33. f3 Ne2+ 34. Kf2 Nd4 35. Rd7 Rb2+ 36. Ke3 Nc2+ 37. Kf4 Ne1 38. h3 Rb5 39.
Rd8+ Kh7 40. Rd2 g5+ 41. Ke3 Rxe5 42. Kf2 Nxf3 43. Kxf3 Kg6 44. Ke3 Ra5 45. Kd4
Kf6 46. Rf2+ Ke7 47. Rb2 Ra4+ 48. Ke5 Ra5+ 49. Kd4 Ra4+ 50. Ke5 Ra5+ 51. Kd4
Ra4+ 52. Ke5 Ra5+ 1/2-1/2

[Event "Quebec op"]
[Site "Longueuil CAN"]
[Date "2019.07.22"]
[Round "4.12"]
[White "Tanaka, Tyler"]
[Black "Nunez, Omar"]
[Result "1-0"]
[WhiteElo "2109"]
[BlackElo "1963"]
[PlyCount "49"]
[EventDate "2019.07.20"]
[EventType "swiss"]
[EventRounds "9"]
[EventCountry "CAN"]

1. e4 d5 2. exd5 Qxd5 3. Nc3 Qd6 4. d4 Nf6 5. Bc4 a6 6. Bb3 Bg4 7. Nge2 e6 8.
f3 Bf5 9. Bf4 Qd7 10. Qd2 Bb4 11. a3 Ba5 12. Qe3 Nc6 13. g4 Bg6 14. g5 Nh5 15.
d5 Nd8 16. O-O-O Bb6 17. Nd4 O-O 18. Rhe1 c5 19. Nxe6 c4 20. Qxb6 cxb3 21. Nxf8
Qf5 22. Rd2 Nxf4 23. Re8 Nde6 24. Rxa8 Nxf8 25. Qd6 1-0

[Event "Quebec op"]
[Site "Longueuil CAN"]
[Date "2019.07.22"]
[Round "4.13"]
[White "Soudre, Nicolas"]
[Black "Poulin, Maurice"]
[Result "1-0"]
[WhiteElo "2086"]
[BlackElo "1944"]
[PlyCount "123"]
[EventDate "2019.07.20"]
[EventType "swiss"]
[EventRounds "9"]
[EventCountry "CAN"]

1. e4 g6 2. d4 Bg7 3. Nc3 d6 4. Be3 a6 5. Qd2 b5 6. f3 Nd7 7. a4 b4 8. Nd5 a5
9. h4 h5 10. O-O-O c6 11. Nf4 Nb6 12. b3 Nf6 13. Ngh3 Bd7 14. Ng5 Qc7 15. Nd3
Bc8 16. Nb2 Ba6 17. Bxa6 Rxa6 18. Qd3 Ra8 19. e5 Nfd5 20. e6 f5 21. g4 Nxe3 22.
Qxe3 Nd5 23. Qd3 Nf4 24. Qe3 d5 25. Nf7 Rf8 26. Rhg1 Rxf7 27. exf7+ Kxf7 28.
gxf5 gxf5 29. Kb1 Bf6 30. Nd3 Nxd3 31. Rxd3 Rh8 32. f4 Bxh4 33. Qh3 Qxf4 34.
Rf1 Qg4 35. Rxf5+ Kg6 36. Rff3 Qxh3 37. Rxh3 Bf6 38. c3 Rb8 39. Kc2 h4 40. c4
dxc4 41. bxc4 Kf5 42. Rh1 Rd8 43. Rf1+ Kg4 44. Rg1+ Kh5 45. Rf3 Bxd4 46. Rf5+
Kh6 47. Rh1 e5 48. Rxh4+ Kg6 49. Rf1 Kg5 50. Rh2 Kg4 51. Rg2+ Kh3 52. Rg6 Kh2
53. Rf5 Rh8 54. Rxc6 Rh3 55. Rg6 e4 56. Rf4 Rc3+ 57. Kd1 Rd3+ 58. Ke2 Re3+ 59.
Kd2 Rd3+ 60. Ke2 Re3+ 61. Kf1 b3 62. Rh4+ 1-0

[Event "Quebec op"]
[Site "Longueuil CAN"]
[Date "2019.07.22"]
[Round "4.14"]
[White "Richard, Leo"]
[Black "Prahov, Valentin"]
[Result "1/2-1/2"]
[WhiteElo "1813"]
[BlackElo "2055"]
[PlyCount "85"]
[EventDate "2019.07.20"]
[EventType "swiss"]
[EventRounds "9"]
[EventCountry "CAN"]

1. d4 Nf6 2. Nf3 g6 3. Bf4 Bg7 4. Nc3 d5 5. e3 c6 6. h3 O-O 7. Bd3 Nbd7 8. O-O
Re8 9. Ne2 Nh5 10. Bh2 f5 11. c4 e6 12. Rc1 Nhf6 13. b4 a6 14. Nf4 Ne4 15. b5
axb5 16. cxb5 Rxa2 17. bxc6 bxc6 18. Rxc6 Nb8 19. Rc1 Bd7 20. Qb3 Qa5 21. Nxd5
exd5 22. Bxb8 Ra3 23. Qb7 Be6 24. Rc7 Bf6 25. Bxe4 dxe4 26. Ne5 Qa8 27. Rb1 Ra1
28. Qxa8 Rxa8 29. Rcb7 g5 30. Bd6 f4 31. Ng4 Bxg4 32. hxg4 fxe3 33. fxe3 Rad8
34. Rb8 Rxb8 35. Rxb8 Rxb8 36. Bxb8 Kf7 37. Kf1 Ke6 38. Ke2 Kd5 39. Kd2 Kc4 40.
Kc2 Bg7 41. Be5 Bf8 42. Bh8 Be7 43. Be5 1/2-1/2